000 00454nam a2200157Ia 4500
008 240729s9999 xx 000 0 und d
022 _a2307-6267
245 0 _aJournal of Student Affairs in Africa
260 _aSouth Africa
260 _bJournal of Student Affairs in Africa
650 _a Special aspects of education
650 _aEducation
856 _uhttps://doaj.org/toc/74a6aa3313e5401d8b82858bd2b7c4ed
942 _2ddc
942 _cDOAJEJ
999 _c66570
_d66570
945 _a1
_bMadushi Gamage
_c1
_dMadushi Gamage